Psicología sin alma
Saved in:
| Hovedforfatter: | |
|---|---|
| Format: | Bog |
| Sprog: | spansk |
| Udgivet: |
Buenos Aires
Difusión
1945
|
| Serier: | Colección Balmes
|
| Fag: | |
| Tags: |
Tilføj Tag
Ingen Tags, Vær først til at tagge denne postø!
|
MARC
| LEADER | 00000nam a2200000 a 4500 | ||
|---|---|---|---|
| 001 | UCY6185 | ||
| 003 | CL-VaPUC | ||
| 008 | 950521e19450400AG |||||||||||||||||spa|d | ||
| 082 | 0 | 4 | |a 150.19 |b GRU |2 21 |
| 100 | |a Gruender, Hubert |e author |9 526816 | ||
| 245 | 1 | 0 | |a Psicología sin alma |
| 300 | |a 197 p | ||
| 942 | |c BK | ||
| 945 | |d 19950521 00:00:00 |a cmena | ||
| 260 | |a Buenos Aires |b Difusión |c 1945 | ||
| 650 | 0 | |a Psicología |9 257863 | |
| 650 | 0 | |a Filosofía del espíritu |9 320175 | |
| 650 | 0 | |a Ego |9 310449 | |
| 650 | 0 | |a Percepción |9 266750 | |
| 650 | 0 | |a Procesos mentales superiores |9 330839 | |
| 650 | 0 | |a Libre albedrío |9 334583 | |
| 650 | 0 | |a Materialismo |9 265687 | |
| 583 | |a last modification |c 19950521 00:00:00 |k Rodrigo Vera | ||
| 490 | 0 | |a Colección Balmes | |
| 999 | |c 233765 |d 233763 | ||
| 952 | |0 0 |1 0 |4 0 |6 150_190000000000000_GRU_1945 |7 0 |8 P |9 239499 |a BIBEDU |b BIBEDU |c BIBEDU_PB |d 2019-11-18 |i 150729K |o 150.19 GRU 1945 |p 150729K |r 2024-01-25 |w 2019-11-18 |y BK |k EDU | ||